00381 2200157 4500001002100000008004100021035002000062245004100082100001900123250000600142260003100148084001400179082000800193650001000201990001200211INLIS000000000001542 ind  a0010-0125000040 aNyanyian CintacK.H.A. Mustofa Bisri aBisri, Mustofa a1 aJakarta :bRepublikac2007 a800 MUS n a800 aFiksi a0715291